000
00198 a2200097 4500
001
25944
100
_a
ASM
245
_a
Carbonizing and carbonitriding
260
_a
_b
ASM
_c
090
_c
17547
_d
17547
942
_a
NUST-CAE
_c
M
_c
8388
999
_c
261017
_d
261017